|
|
|
|
| LEADER |
00000nab a2200000 a 4500 |
| 001 |
vtls000230725 |
| 003 |
SK-MaSNL |
| 005 |
20260303210654.0 |
| 008 |
111130c1985 xo 0 slo |
| 015 |
|
|
|a SNBRB19rr/mm-uuuuu
|
| 035 |
|
|
|a CL0240839
|
| 040 |
|
|
|a SNKBUCL
|b slo
|c SNKBUCL
|e AACR2
|
| 041 |
0 |
|
|a slo
|
| 044 |
|
|
|a xo
|c SK
|
| 080 |
|
|
|a 374:008
|2 1981
|
| 080 |
|
|
|a 008
|2 1981
|
| 080 |
|
|
|a 374
|2 1981
|
| 100 |
1 |
|
|a (zet)
|4 aut
|9 881093
|
| 245 |
1 |
0 |
|a Uznanie najlepším
|b Deň kultúrno-osvetových pracovníkov v Košiciach
|c (zet)
|
| 650 |
0 |
7 |
|a kultúrno-osvetoví pracovníci
|2 snkbucl
|9 85340
|
| 651 |
|
7 |
|a 5403
|2 snkbucl
|9 893808
|
| 655 |
|
7 |
|a články z novín a časopisov
|2 snkbucl
|9 267496
|
| 773 |
0 |
|
|t Východoslovenské noviny
|g Roč. 34, č. 253 (26. 10. 1985), s. 1-2
|
| 850 |
|
|
|a Slovenská národná knižnica v Martine
|a MTA001
|
| 852 |
|
|
|a SNK
|b KIS3GCP
|
| 958 |
|
|
|a RK
|
| 992 |
|
|
|a RBX
|
| 999 |
|
|
|c 2201201
|d 2203131
|